[Event "CCT Play-in Chessable Masters 2024"]
[Site "Online"]
[Date "2024.01.31"]
[Round "7"]
[White "ElHelvetico"]
[Black "jefferyx"]
[Result "0-1"]
[WhiteElo "2549"]
[BlackElo "2658"]
[Annotator "TA"]
[PlyCount "62"]
[EventDate "2024.01.26"]
[EventType "swiss"]
[EventCountry "NET"]
[SourceTitle "playchess.com"]
[Source "ChessBase"]
[SourceQuality "1"]

1. Nf3 c5 2. b3 g6 3. Bb2 Nf6 4. g3 Bg7 5. Bg2 d5 6. O-O O-O 7. e3 Nc6 8. Ne5 Bd7 9. Nxd7 Qxd7 10. d3 e5 11. Nd2 d4 12. Qe2 b5 13. Ba3 Qd6 14. Qf3 Rac8 15. g4 dxe3 16. fxe3 e4 17. Qe2 exd3 18. cxd3 Rfd8 19. g5 Nd5 20. Rac1 b4 21. Ne4 Qe5 22. Rxc5 bxa3 23. Qf3 Qe8 24. Rfc1 Ncb4 25. d4 Nxa2 26. Rxc8 Rxc8 27. Rxc8 Qxc8 28. Nd6 Qc1+ 29. Kf2 Qxe3+ 30. Qxe3 Nxe3 31. Kxe3 Nb4 0-1

[Event "CCT Play-in Chessable Masters 2024"]
[Site "Online"]
[Date "2024.01.31"]
[Round "7"]
[White "Drygalov, Sergey"]
[Black "GeorgMeier"]
[Result "1-0"]
[WhiteElo "2547"]
[BlackElo "2678"]
[Annotator "TA"]
[PlyCount "81"]
[EventDate "2024.01.26"]
[EventType "swiss"]
[EventCountry "NET"]
[SourceTitle "playchess.com"]
[Source "ChessBase"]
[SourceQuality "1"]

1. d4 e6 2. c4 b6 3. Nf3 Bb7 4. g3 Bb4+ 5. Nc3 Bxc3+ 6. bxc3 Nf6 7. Bg2 O-O 8. O-O d6 9. a4 Be4 10. Re1 c5 11. Bf1 Nc6 12. Nd2 Bg6 13. Bg2 Rc8 14. d5 Na5 15. e4 Re8 16. f3 h6 17. Bf1 Nd7 18. Nb3 Nxb3 19. Qxb3 exd5 20. cxd5 f5 21. Bg2 c4 22. Qd1 Nc5 23. exf5 Bxf5 24. Be3 Nb3 25. Ra2 Qf6 26. Bd2 Qg6 27. Bf4 Bd3 28. Bh3 Nc5 29. Bxc8 Rxc8 30. Re7 a5 31. Qe1 Qf6 32. Ra7 Kf8 33. Be3 Re8 34. Qf2 Qxc3 35. Bd4 Qe1+ 36. Qxe1 Rxe1+ 37. Kf2 Rc1 38. Bxg7+ Ke8 39. Bxh6 Rf1+ 40. Kg2 c3 41. Ra3 1-0

[Event "CCT Play-in Chessable Masters 2024"]
[Site "Online"]
[Date "2024.01.31"]
[Round "7"]
[White "Demidov, Mikhail"]
[Black "Zhu, Jiner"]
[Result "1/2-1/2"]
[WhiteElo "2546"]
[BlackElo "2467"]
[Annotator "ChessBase"]
[PlyCount "248"]
[EventDate "2024.01.26"]
[EventType "swiss"]
[EventCountry "NET"]
[SourceTitle "playchess.com"]
[Source "ChessBase"]
[SourceQuality "1"]

1. d4 Nf6 2. Nf3 d5 3. e3 e6 4. c4 Be7 5. Nc3 O-O 6. Bd3 dxc4 7. Bxc4 a6 8. O-O b5 9. Be2 Bb7 10. b3 c5 11. Bb2 Nc6 12. dxc5 Bxc5 13. Qxd8 Rfxd8 14. Rfc1 Be7 15. Kf1 Rac8 16. Rd1 Nb4 17. Rxd8+ Rxd8 18. Nd4 e5 19. Nf3 Bxf3 20. gxf3 Rd2 21. Rb1 Nd3 22. Ba1 Nc5 23. Ke1 Rd8 24. Rd1 Kf8 25. Rxd8+ Bxd8 26. Kd1 Bc7 27. h3 b4 28. Nb1 Ke7 29. Nd2 Nd5 30. Bc4 Nb6 31. Be2 f6 32. Bb2 g5 33. Ne4 Nxe4 34. fxe4 a5 35. Bg4 Nd7 36. Ke2 Nc5 37. f3 Kd6 38. Bc1 a4 39. bxa4 Nxa4 40. Kd3 Kc5 41. Bd7 Nb6 42. Be6 h5 43. Bf7 h4 44. Bb3 Bd6 45. Bd2 Kb5 46. Be6 Kc5 47. Be1 Na4 48. Kc2 Kc6 49. Bd5+ Kb5 50. Be6 Nc5 51. Bf7 Bc7 52. Bd2 Bd6 53. Kd1 Bc7 54. Ke2 Bd6 55. Bd5 Bc7 56. Kd1 Bd6 57. Kc2 Bc7 58. Bc1 Bd6 59. Bb2 Bc7 60. Ba1 Bd6 61. Kd2 Bc7 62. Ke2 Na4 63. Bf7 Nc5 64. Bd5 Na4 65. Kd2 Nc5 66. Bb2 Bd6 67. Kc2 Bc7 68. a3 bxa3 69. Bxa3 Ba5 70. Bf7 Kc6 71. Be8+ Kd6 72. Bb5 Be1 73. Kd1 Ba5 74. Ke2 Bc3 75. Kf2 Bd2 76. Ke2 Bc3 77. Kd1 Ba5 78. Be8 Bc3 79. Ke2 Ba5 80. f4 exf4 81. exf4 gxf4 82. Kf3 Bb6 83. Kxf4 Ke6 84. Bb5 Bc7+ 85. Kf3 Bd6 86. Bc1 f5 87. Bc4+ Kf6 88. exf5 Kxf5 89. Be3 Be7 90. Bd4 Bd6 91. Ba2 Ne6 92. Bb1+ Kg5 93. Be3+ Kh5 94. Bf5 Ng5+ 95. Ke2 Bg3 96. Kd3 Be5 97. Kc4 Bg3 98. Kd5 Bh2 99. Kc6 Bg3 100. Kd7 Be5 101. Ke7 Bc3 102. Kf8 Bb4+ 103. Kg8 Bc3 104. Bf4 Bd4 105. Bd2 Be5 106. Be3 Bc3 107. Bf2 Be5 108. Bg4+ Kg6 109. Bxh4 Ne4 110. Kf8 Nf6 111. Ke7 Nxg4 112. hxg4 Bf4 113. Ke6 Be3 114. Ke5 Bd2 115. Ke4 Bc1 116. Kf3 Bb2 117. Bg3 Bc3 118. Bf4 Bd4 119. Be3 Bc3 120. Bf4 Bd4 121. Ke4 Bc3 122. g5 Ba5 123. Be3 Bd8 124. Bf4 Bxg5 1/2-1/2

[Event "CCT Play-in Chessable Masters 2024"]
[Site "Online"]
[Date "2024.01.31"]
[Round "7"]
[White "Dedic8"]
[Black "Elsa167"]
[Result "1-0"]
[WhiteElo "2543"]
[BlackElo "2350"]
[Annotator "NA"]
[PlyCount "75"]
[EventDate "2024.01.26"]
[EventType "swiss"]
[EventCountry "NET"]
[SourceTitle "playchess.com"]
[Source "ChessBase"]
[SourceQuality "1"]

1. d4 Nf6 2. c4 g6 3. Nc3 Bg7 4. e4 d6 5. h3 O-O 6. Be3 e5 7. d5 Na6 8. Nf3 Nc5 9. Nd2 a5 10. Be2 Ne8 11. O-O b6 12. a3 a4 13. Bxc5 dxc5 14. Nxa4 Nd6 15. b4 Bd7 16. Nc3 cxb4 17. axb4 Rxa1 18. Qxa1 Bxh3 19. Nf3 Bg4 20. c5 bxc5 21. bxc5 Nxe4 22. Nxe4 f5 23. Neg5 Bxf3 24. Nxf3 e4 25. Nd4 Qxd5 26. Rd1 Kh8 27. Qa4 e3 28. Qc4 exf2+ 29. Kxf2 Qe5 30. Ne6 Re8 31. Nxg7 Qe3+ 32. Kf1 Kxg7 33. Rd7+ Kf6 34. Qh4+ Ke6 35. Rd1 g5 36. Bc4+ Kf6 37. Qh6+ Ke5 38. Re1 1-0

[Event "CCT Play-in Chessable Masters 2024"]
[Site "Online"]
[Date "2024.01.31"]
[Round "7"]
[White "Holt, Conrad"]
[Black "Yoo, Christopher Woojin"]
[Result "0-1"]
[WhiteElo "2540"]
[BlackElo "2595"]
[Annotator "RC"]
[PlyCount "108"]
[EventDate "2024.01.26"]
[EventType "swiss"]
[EventCountry "NET"]
[SourceTitle "playchess.com"]
[Source "ChessBase"]
[SourceQuality "1"]

1. d4 Nf6 2. c4 e6 3. Nf3 d5 4. Nc3 c6 5. cxd5 exd5 6. Qc2 g6 7. Bg5 Bg7 8. e3 Bf5 9. Bd3 Bxd3 10. Qxd3 O-O 11. Ne5 Qe8 12. O-O Nfd7 13. Nxd7 Nxd7 14. Rfe1 Qe6 15. b4 Rfc8 16. Rac1 Nb6 17. e4 dxe4 18. Rxe4 Qc4 19. Qxc4 Nxc4 20. Re7 h6 21. Bf4 b5 22. h4 a5 23. bxa5 Rxa5 24. Rc2 Bxd4 25. Bxh6 Bf6 26. Rb7 Bxh4 27. g3 Nd6 28. Rd7 Nf5 29. Bd2 Rd8 30. Ne4 Rxd7 31. Bxa5 Rd1+ 32. Kg2 Nd4 33. Rc3 Be7 34. Bb6 f5 35. Nc5 Rg1+ 36. Kxg1 Ne2+ 37. Kg2 Nxc3 38. Nd3 Bd6 39. Bd4 Nxa2 40. Be5 Bxe5 41. Nxe5 b4 42. Kf3 b3 43. Nc4 Nc3 44. Ke3 Nd1+ 45. Kd2 Nxf2 46. Ne5 Ne4+ 47. Kc1 Kg7 48. Kb2 Nxg3 49. Nxc6 f4 50. Nd4 Kf6 51. Kxb3 Ke5 52. Nf3+ Ke4 53. Nh2 f3 54. Kc2 f2 0-1

[Event "CCT Play-in Chessable Masters 2024"]
[Site "Online"]
[Date "2024.01.31"]
[Round "7"]
[White "JSPrepz"]
[Black "Bosiocic, Marin"]
[Result "1-0"]
[WhiteElo "2539"]
[BlackElo "2549"]
[Annotator "RC"]
[PlyCount "71"]
[EventDate "2024.01.26"]
[EventType "swiss"]
[EventCountry "NET"]
[SourceTitle "playchess.com"]
[Source "ChessBase"]
[SourceQuality "1"]

1. e4 c6 2. d4 d5 3. Nd2 dxe4 4. Nxe4 Nf6 5. Nxf6+ exf6 6. c3 Bd6 7. Bd3 O-O 8. Qc2 h5 9. Ne2 Re8 10. O-O h4 11. Nf4 Nd7 12. Qd1 Nf8 13. Qh5 g5 14. Ne2 c5 15. f4 cxd4 16. fxg5 dxc3 17. Rxf6 Bc5+ 18. Kh1 Re7 19. g6 Be6 20. Qxc5 Qxd3 21. Qxe7 Nxg6 22. Rxg6+ Qxg6 23. Nxc3 h3 24. Qg5 hxg2+ 25. Kxg2 Kh7 26. Qxg6+ Kxg6 27. Be3 Kh5 28. Kf2 a6 29. Rg1 Rc8 30. Rg5+ Kh4 31. Rc5 Rh8 32. Ne2 Kh3 33. Rg5 Bxa2 34. Rg3+ Kxh2 35. Rg2+ Kh3 36. Ng1+ 1-0

[Event "CCT Play-in Chessable Masters 2024"]
[Site "Online"]
[Date "2024.01.31"]
[Round "7"]
[White "zvonokchess"]
[Black "Zohid6"]
[Result "0-1"]
[WhiteElo "2538"]
[BlackElo "2700"]
[Annotator "RC"]
[PlyCount "153"]
[EventDate "2024.01.26"]
[EventType "swiss"]
[EventCountry "NET"]
[SourceTitle "playchess.com"]
[Source "ChessBase"]
[SourceQuality "1"]

1. d4 e6 2. e4 d5 3. Nd2 c5 4. dxc5 Bxc5 5. Bd3 Nc6 6. Ngf3 Nf6 7. Qe2 Nb4 8. e5 Nd7 9. O-O Nxd3 10. cxd3 b6 11. Nb3 a5 12. Bg5 Be7 13. Bxe7 Qxe7 14. Rac1 O-O 15. Nbd4 Nc5 16. Qe3 Ba6 17. Rfd1 Rfc8 18. h4 Rc7 19. b3 Rac8 20. g3 h5 21. Kg2 b5 22. Ng5 b4 23. Qf3 g6 24. Qe3 a4 25. Ngf3 Kg7 26. Ne1 a3 27. Rc2 Nxd3 28. Rxd3 Rxc2 29. Nexc2 Bxd3 30. Qxd3 Rc3 31. Qd2 Qc5 32. Kf1 Kg8 33. Ke1 Kf8 34. Kd1 Ke8 35. Qe2 Kf8 36. Qd2 Ke8 37. Ke1 Kd7 38. Ke2 Ke8 39. Kd1 Kf8 40. Ne2 Rxc2 41. Qxc2 Qxf2 42. Qd2 Qc5 43. Qd4 Qb5 44. Kd2 Kg8 45. Qd3 Qb8 46. Qe3 Qb5 47. Qd4 Kg7 48. Nf4 Qb8 49. Nd3 Qb5 50. Qxb4 Qa6 51. Qd4 Qb5 52. Qc5 Qb7 53. Qxa3 d4 54. Qc5 Qe4 55. Qc2 Qe3+ 56. Kd1 Qxg3 57. Ne1 Qxh4 58. Qd3 Qg4+ 59. Qe2 Qf5 60. Qd3 Qxe5 61. Nf3 Qa5 62. Qxd4+ Kg8 63. a4 Qf5 64. Ne5 Qb1+ 65. Kd2 Qxb3 66. Nd7 Qa2+ 67. Ke3 Qa3+ 68. Kf4 Qc1+ 69. Ke5 Qg5+ 70. Kd6 Qd8 71. Qb6 Qxb6+ 72. Nxb6 h4 73. Nd7 Kg7 74. Ne5 h3 75. Nf3 g5 76. a5 g4 77. Nh4 0-1

[Event "CCT Play-in Chessable Masters 2024"]
[Site "Online"]
[Date "2024.01.31"]
[Round "7"]
[White "messiboca"]
[Black "Sasikiran, Krishnan"]
[Result "1/2-1/2"]
[WhiteElo "2535"]
[BlackElo "2586"]
[Annotator "RC"]
[PlyCount "117"]
[EventDate "2024.01.26"]
[EventType "swiss"]
[EventCountry "NET"]
[SourceTitle "playchess.com"]
[Source "ChessBase"]
[SourceQuality "1"]

1. c4 c6 2. Nf3 d5 3. e3 Nf6 4. Nc3 e6 5. b3 Bd6 6. Bb2 O-O 7. Rc1 a6 8. g3 e5 9. Bg2 Re8 10. O-O Bg4 11. Qc2 Nbd7 12. Nh4 d4 13. Ne4 Nxe4 14. Bxe4 Nf6 15. Bg2 Be2 16. Rfe1 d3 17. Qb1 Qd7 18. c5 Bc7 19. Rc4 Rad8 20. h3 h6 21. g4 Qe6 22. Nf5 h5 23. f3 e4 24. Nxg7 Kxg7 25. Rxe4 Qd5 26. Qa1 Re6 27. Rxe6 Qxe6 28. g5 Rd5 29. Bxf6+ Kf8 30. b4 Bxf3 31. e4 Rd7 32. Bg7+ Ke8 33. Qf6 Bxg2 34. Kxg2 Qxa2 35. Qf2 a5 36. Bc3 axb4 37. Bxb4 Qe6 38. Qf5 Qe5 39. Qxe5+ Bxe5 40. Rf1 Rd4 41. Bc3 Rxe4 42. Bxe5 Rxe5 43. Rb1 Rxc5 44. Rxb7 Rxg5+ 45. Kf3 h4 46. Ke4 Rg3 47. Rc7 Rxh3 48. Rxc6 Rh1 49. Kxd3 h3 50. Rh6 h2 51. Kd4 Kd7 52. Kd3 f5 53. Ke2 f4 54. Kf2 f3 55. Kxf3 Rf1+ 56. Kg2 Rd1 57. Rxh2 Rxd2+ 58. Kg3 Rxh2 59. Kxh2 1/2-1/2

[Event "CCT Play-in Chessable Masters 2024"]
[Site "Online"]
[Date "2024.01.31"]
[Round "7"]
[White "Samant Aditya S"]
[Black "igorkovalenko"]
[Result "1-0"]
[WhiteElo "2512"]
[BlackElo "2596"]
[Annotator "RC"]
[PlyCount "95"]
[EventDate "2024.01.26"]
[EventType "swiss"]
[EventCountry "NET"]
[SourceTitle "playchess.com"]
[Source "ChessBase"]
[SourceQuality "1"]

1. e4 c5 2. Nf3 e6 3. d4 cxd4 4. Nxd4 Nf6 5. Nc3 Nc6 6. Ndb5 Bb4 7. Nd6+ Ke7 8. Nxc8+ Rxc8 9. Bd3 d5 10. O-O Bxc3 11. exd5 Be5 12. dxc6 Rxc6 13. Qf3 Qc7 14. h3 Rd8 15. a4 a6 16. a5 h6 17. Ra4 Rd5 18. Bd2 Bxb2 19. Rb1 Rxc2 20. Bf4 Qc3 21. Rc4 Qxd3 22. Qxd3 Rxd3 23. Rxc2 Bc3 24. Rxb7+ Nd7 25. Bc7 Nc5 26. Ra7 Kf6 27. Bb6 Ne4 28. Rxa6 Rd1+ 29. Kh2 Nd2 30. Kg3 g5 31. Rxc3 Ne4+ 32. Kf3 Nxc3 33. Ke3 Kg6 34. Ra8 f5 35. g3 e5 36. Kf3 Nd5 37. Bc5 Rc1 38. Rc8 Ra1 39. Rd8 e4+ 40. Kg2 Nc7 41. Rd6+ Kh5 42. Bb6 Ne8 43. Re6 Ng7 44. Re7 f4 45. Rxg7 Ra2 46. g4+ Kh4 47. Rh7 e3 48. Rxh6# 1-0

[Event "CCT Play-in Chessable Masters 2024"]
[Site "Online"]
[Date "2024.01.31"]
[Round "7"]
[White "Guliyev, Namig"]
[Black "Olafsson, Helgi"]
[Result "1-0"]
[WhiteElo "2506"]
[BlackElo "2471"]
[Annotator "RC"]
[PlyCount "71"]
[EventDate "2024.01.26"]
[EventType "swiss"]
[EventCountry "NET"]
[SourceTitle "playchess.com"]
[Source "ChessBase"]
[SourceQuality "1"]

1. e4 c5 2. Nf3 d6 3. Bb5+ Nc6 4. O-O Bd7 5. Re1 a6 6. Bf1 Nf6 7. c3 Bg4 8. d4 cxd4 9. cxd4 d5 10. e5 Ne4 11. h3 Bc8 12. Nc3 Nxc3 13. bxc3 e6 14. Ng5 h6 15. Nf3 Bd7 16. Nh2 Rc8 17. Qh5 Ne7 18. Bd2 Nf5 19. a4 Bc6 20. Bd3 g6 21. Qe2 h5 22. g3 Be7 23. Kg2 Qd7 24. a5 Bb5 25. Bxb5 axb5 26. Reb1 b4 27. Qd3 bxc3 28. Bxc3 O-O 29. Nf3 Rc4 30. Rb3 Rfc8 31. Rab1 R4c7 32. g4 hxg4 33. hxg4 Nh4+ 34. Nxh4 Bxh4 35. Bd2 Be7 36. Qh3 1-0

[Event "CCT Play-in Chessable Masters 2024"]
[Site "Online"]
[Date "2024.01.31"]
[Round "7"]
[White "youngKID"]
[Black "Sattarov, Bobir"]
[Result "1-0"]
[WhiteElo "2506"]
[BlackElo "2351"]
[Annotator "RC"]
[PlyCount "79"]
[EventDate "2024.01.26"]
[EventType "swiss"]
[EventCountry "NET"]
[SourceTitle "playchess.com"]
[Source "ChessBase"]
[SourceQuality "1"]

1. e4 e5 2. Nf3 Nc6 3. Bb5 a6 4. Ba4 Nf6 5. d3 d6 6. c4 g6 7. Nc3 Bg7 8. Nd5 Nd7 9. Bg5 f6 10. Be3 O-O 11. O-O Ne7 12. d4 c6 13. Nc3 exd4 14. Nxd4 Ne5 15. Qe2 c5 16. Nc2 Be6 17. Nd5 Bxd5 18. exd5 Qa5 19. Bb3 Rae8 20. Bd2 Qc7 21. Ba4 Rb8 22. Rfe1 Nf5 23. Bc3 Rf7 24. Rad1 Re7 25. Qf1 Nxc4 26. Qxc4 b5 27. Qg4 Rbe8 28. Rxe7 Rxe7 29. Bb3 c4 30. Bxc4 bxc4 31. Na3 Qb7 32. Nxc4 Nh6 33. Qf4 Nf7 34. g3 Qb5 35. Nxd6 Nxd6 36. Qxd6 Qe2 37. Re1 Qxe1+ 38. Bxe1 Rxe1+ 39. Kg2 Rd1 40. Qe6+ 1-0

[Event "CCT Play-in Chessable Masters 2024"]
[Site "Online"]
[Date "2024.01.31"]
[Round "7"]
[White "Gharibyan, Mamikon"]
[Black "Banusz, Tamas"]
[Result "0-1"]
[WhiteElo "2504"]
[BlackElo "2621"]
[Annotator "RC"]
[PlyCount "84"]
[EventDate "2024.01.26"]
[EventType "swiss"]
[EventCountry "NET"]
[SourceTitle "playchess.com"]
[Source "ChessBase"]
[SourceQuality "1"]

1. d4 d5 2. c4 c6 3. Nf3 Nf6 4. Qc2 g6 5. cxd5 cxd5 6. Nc3 Bg7 7. Bf4 Nc6 8. e3 O-O 9. h3 Bf5 10. Qb3 Qb6 11. Be2 Rfc8 12. O-O Qxb3 13. axb3 Nb4 14. Ne5 Nd7 15. Ra5 Nxe5 16. dxe5 b6 17. Rb5 Nc6 18. Nxd5 Bd7 19. Bg4 e6 20. Nf6+ Bxf6 21. exf6 h5 22. Bf3 Nd4 23. Rb4 Nxf3+ 24. gxf3 Rc5 25. e4 e5 26. Be3 Rc2 27. Rc4 Rxb2 28. Rd1 Be6 29. Rc7 Rxb3 30. Bg5 a5 31. Rd6 Bxh3 32. Kh2 Rxf3 33. Rxb6 a4 34. Rbb7 Be6 35. Re7 a3 36. Rxe6 fxe6 37. Rg7+ Kh8 38. Rxg6 a2 39. Rh6+ Kg8 40. Rg6+ Kf8 41. Bh6+ Kf7 42. Rg7+ Kxf6 0-1

[Event "CCT Play-in Chessable Masters 2024"]
[Site "Online"]
[Date "2024.01.31"]
[Round "7"]
[White "Mitrabha, Guha"]
[Black "Warmerdam, Max"]
[Result "0-1"]
[WhiteElo "2504"]
[BlackElo "2625"]
[Annotator "RC"]
[PlyCount "90"]
[EventDate "2024.01.26"]
[EventType "swiss"]
[EventCountry "NET"]
[SourceTitle "playchess.com"]
[Source "ChessBase"]
[SourceQuality "1"]

1. Nf3 Nf6 2. d4 d5 3. Bf4 Bf5 4. c4 e6 5. Nc3 Nbd7 6. e3 Bb4 7. Be2 O-O 8. O-O dxc4 9. Bxc4 c5 10. a3 Bxc3 11. bxc3 Qa5 12. Qb3 b6 13. Rfc1 Rfc8 14. Qb5 Qxb5 15. Bxb5 a6 16. Bf1 Be4 17. Nd2 Bd5 18. f3 Bc6 19. e4 Bb5 20. c4 Ba4 21. d5 e5 22. Be3 Ne8 23. Nb1 Nd6 24. Nc3 Bb3 25. Nd1 b5 26. Nb2 Rab8 27. Rc3 bxc4 28. Nxc4 Bxc4 29. Bxc4 Nxc4 30. Rxc4 Rb3 31. Kf2 Rb2+ 32. Kg3 Re2 33. Bg1 Rb8 34. Kh3 Rbb2 35. g3 h5 36. Ra4 Rb3 37. Rf1 g5 38. g4 Nf6 39. Rxa6 hxg4+ 40. Kg3 Kg7 41. Rxf6 Kxf6 42. Kxg4 c4 43. Rc1 c3 44. d6 c2 45. Bc5 Ke6 0-1

[Event "CCT Play-in Chessable Masters 2024"]
[Site "Online"]
[Date "2024.01.31"]
[Round "7"]
[White "Sivuk, Vitaly"]
[Black "VSERGUEI"]
[Result "1/2-1/2"]
[WhiteElo "2502"]
[BlackElo "2541"]
[Annotator "RC"]
[PlyCount "69"]
[EventDate "2024.01.26"]
[EventType "swiss"]
[EventCountry "NET"]
[SourceTitle "playchess.com"]
[Source "ChessBase"]
[SourceQuality "1"]

1. c4 c6 2. d4 d5 3. cxd5 cxd5 4. Bf4 Nc6 5. e3 Nf6 6. Bd3 Bg4 7. f3 Bh5 8. Qb3 Qd7 9. Nd2 e6 10. Rc1 a6 11. Ne2 Bg6 12. Kf2 Be7 13. g4 Bxd3 14. Qxd3 O-O 15. a3 Rfc8 16. Rc3 Na7 17. Rhc1 Rxc3 18. Rxc3 Rc8 19. Nb3 Rxc3 20. Qxc3 Qc6 21. Na5 Qd7 22. Qb3 b5 23. Qc2 Bd8 24. Nb3 Qc6 25. Qxc6 Nxc6 26. Nc5 a5 27. Nc3 b4 28. Nb5 bxa3 29. bxa3 Be7 30. Bd6 Bxd6 31. Nxd6 Kf8 32. a4 Ke7 33. Ndb7 Nd7 34. Ke2 Nxc5 35. Nxc5 1/2-1/2

[Event "CCT Play-in Chessable Masters 2024"]
[Site "Online"]
[Date "2024.01.31"]
[Round "7"]
[White "Shyam, Sundar M."]
[Black "GMKrikor"]
[Result "1/2-1/2"]
[WhiteElo "2497"]
[BlackElo "2525"]
[Annotator "RC"]
[PlyCount "115"]
[EventDate "2024.01.26"]
[EventType "swiss"]
[EventCountry "NET"]
[SourceTitle "playchess.com"]
[Source "ChessBase"]
[SourceQuality "1"]

1. e4 e6 2. d4 d5 3. exd5 exd5 4. Nf3 Nc6 5. Bb5 Bd6 6. c4 dxc4 7. d5 a6 8. Ba4 b5 9. dxc6 bxa4 10. O-O Ne7 11. Nbd2 Be6 12. Qxa4 c3 13. bxc3 Bd5 14. Nd4 O-O 15. c4 Bxc6 16. Nxc6 Nxc6 17. Ne4 Bxh2+ 18. Kxh2 Qh4+ 19. Kg1 Qxe4 20. Bb2 Nd4 21. Bxd4 Qxd4 22. Rad1 Qf4 23. Rd7 Rab8 24. Qxa6 h5 25. Qc6 Rb2 26. a4 Ra2 27. Rxc7 h4 28. Rc8 Rxc8 29. Qxc8+ Kh7 30. Qc5 Rxa4 31. Qh5+ Kg8 32. Rd1 Ra8 33. c5 g6 34. Qd5 Rc8 35. c6 Kg7 36. Qc5 Rc7 37. Rc1 Qf6 38. Qd5 Kh7 39. Qe4 Kg7 40. f3 Kh7 41. Kh1 Kg7 42. Kh2 Qg5 43. f4 Qg3+ 44. Kh1 h3 45. gxh3 Qxh3+ 46. Kg1 Qg3+ 47. Kf1 Kh7 48. Ke2 Qg4+ 49. Kd3 Qg3+ 50. Kd4 Qf2+ 51. Kd3 Qb2 52. Rh1+ Kg7 53. f5 Qb3+ 54. Kd2 Qb2+ 55. Kd3 Qb3+ 56. Kd2 Qa2+ 57. Kd1 Qb3+ 58. Kd2 1/2-1/2

[Event "CCT Play-in Chessable Masters 2024"]
[Site "Online"]
[Date "2024.01.31"]
[Round "7"]
[White "Angry_Twin"]
[Black "chessdjw"]
[Result "1/2-1/2"]
[WhiteElo "2496"]
[BlackElo "2550"]
[Annotator "RC"]
[PlyCount "169"]
[EventDate "2024.01.26"]
[EventType "swiss"]
[EventCountry "NET"]
[SourceTitle "playchess.com"]
[Source "ChessBase"]
[SourceQuality "1"]

1. d4 Nf6 2. c4 e6 3. Nc3 Bb4 4. e3 O-O 5. Bd3 c5 6. Nge2 d5 7. a3 cxd4 8. exd4 dxc4 9. Bxc4 Be7 10. O-O Nc6 11. Bg5 h6 12. Bh4 Nh5 13. Bxe7 Nxe7 14. Qd3 b6 15. Rad1 Bb7 16. Ba2 Nd5 17. Bb1 g6 18. Qd2 Qg5 19. Qxg5 hxg5 20. Rfe1 Nhf4 21. Nxf4 gxf4 22. Ne4 Rfd8 23. Rc1 Kg7 24. Ba2 Rac8 25. Ng5 Rxc1 26. Rxc1 Rd7 27. h3 Ne7 28. Bb1 Nc6 29. Be4 Nxd4 30. Kh2 Bxe4 31. Nxe4 e5 32. Rc8 Ne6 33. f3 f5 34. Nc3 Rd2 35. Ra8 Nd4 36. Rxa7+ Kh6 37. Kg1 Rxb2 38. h4 Rd2 39. Re7 Rd3 40. Na4 Rd1+ 41. Kf2 Rd2+ 42. Kf1 Nc2 43. Nxb6 Ne3+ 44. Ke1 Ra2 45. Nd7 Nxg2+ 46. Kf1 Ne3+ 47. Ke1 Ng2+ 48. Kf1 e4 49. Nf6 Nxh4 50. fxe4 Kg5 51. Nd5 f3 52. e5 Kg4 53. Nc3 Rc2 54. Nd1 Kg3 55. Rd7 Rh2 56. Ke1 Ng2+ 57. Kd2 Nf4+ 58. Kc3 Rh1 59. a4 Re1 60. a5 Rxe5 61. a6 Ra5 62. a7 f2 63. Ne3 Kf3 64. Nf1 Kg2 65. Ne3+ Kf3 66. Nf1 g5 67. Kb3 g4 68. Re7 Ra1 69. Nd2+ Kg2 70. Rf7 g3 71. Rxf5 Nd3 72. Rf7 Ne1 73. Kb2 Ra6 74. Kb3 Kg1 75. Kb4 g2 76. Kb5 Ra2 77. Kb6 f1=Q 78. Nxf1 gxf1=Q 79. Rxf1+ Kxf1 80. Kb7 Nd3 81. a8=Q Nc5+ 82. Kb8 Nd7+ 83. Kb7 Nc5+ 84. Kb8 Rxa8+ 85. Kxa8 1/2-1/2

[Event "CCT Play-in Chessable Masters 2024"]
[Site "Online"]
[Date "2024.01.31"]
[Round "7"]
[White "Gadimbayli, Abdulla"]
[Black "Pichot, Alan"]
[Result "0-1"]
[WhiteElo "2489"]
[BlackElo "2644"]
[Annotator "RC"]
[PlyCount "68"]
[EventDate "2024.01.26"]
[EventType "swiss"]
[EventCountry "NET"]
[SourceTitle "playchess.com"]
[Source "ChessBase"]
[SourceQuality "1"]

1. e4 e5 2. Nf3 Nc6 3. Nc3 Nf6 4. d4 exd4 5. Nxd4 Bb4 6. Nxc6 bxc6 7. Bd3 d5 8. exd5 O-O 9. O-O cxd5 10. Bg5 c6 11. Qf3 Bd6 12. Rae1 Rb8 13. Nd1 Be6 14. b3 Be7 15. Ne3 h6 16. Bh4 g6 17. Bg3 Rb7 18. Bf4 Kg7 19. Be5 Kh7 20. Bb2 d4 21. Nc4 Bd5 22. Qf4 c5 23. h4 Nh5 24. Qg4 f5 25. Qd1 Bxh4 26. Bc1 Bg5 27. f4 Bh4 28. Re5 Bg3 29. Rxf5 Bh2+ 30. Kxh2 Qh4+ 31. Kg1 gxf5 32. Rf3 Ng3 33. Be2 Qh1+ 34. Kf2 Ne4# 0-1

[Event "CCT Play-in Chessable Masters 2024"]
[Site "Online"]
[Date "2024.01.31"]
[Round "7"]
[White "Troff, Kayden"]
[Black "Theodorou, Nikolas"]
[Result "0-1"]
[WhiteElo "2484"]
[BlackElo "2627"]
[Annotator "RC"]
[PlyCount "114"]
[EventDate "2024.01.26"]
[EventType "swiss"]
[EventCountry "NET"]
[SourceTitle "playchess.com"]
[Source "ChessBase"]
[SourceQuality "1"]

1. d4 Nf6 2. Nf3 g6 3. Bg5 Bg7 4. Nc3 d5 5. Bxf6 exf6 6. g3 O-O 7. Bg2 f5 8. e3 c6 9. h4 h5 10. O-O Nd7 11. Rc1 b5 12. Ne2 a5 13. b3 Nb6 14. Ne5 Qc7 15. Nd3 Re8 16. Nef4 Bf8 17. Ne5 Rxe5 18. dxe5 Qxe5 19. Qd4 Qc7 20. Nd3 Bg7 21. Qf4 Qe7 22. Rfd1 Ba6 23. Bf1 Rd8 24. Qf3 Bb7 25. Nf4 b4 26. Qe2 Nc8 27. Qd3 Nd6 28. Bg2 Qe5 29. c3 bxc3 30. Ne2 Ne4 31. Bxe4 fxe4 32. Qxc3 Qc7 33. Qc5 Bf8 34. Qc3 Bg7 35. Qc2 Qd7 36. Nf4 Ra8 37. Qxe4 a4 38. bxa4 Qd6 39. Qc2 Re8 40. a5 Ba8 41. Qc5 Qd7 42. a6 Qg4 43. a7 g5 44. hxg5 h4 45. Kg2 Bf8 46. Qd4 c5 47. Qf6 d4+ 48. Kh2 hxg3+ 49. fxg3 Rxe3 50. Rg1 Re2+ 51. Rg2 Bxg2 52. Nxg2 Qe4 53. Rg1 Qh7+ 54. Qh6 Bxh6 55. Kh3 Bf8+ 56. Nh4 Rxa2 57. g6 fxg6 0-1

[Event "CCT Play-in Chessable Masters 2024"]
[Site "Online"]
[Date "2024.01.31"]
[Round "7"]
[White "Pakleza, Zbigniew"]
[Black "Alonso Rosell, Alvar"]
[Result "1/2-1/2"]
[WhiteElo "2482"]
[BlackElo "2562"]
[Annotator "RC"]
[PlyCount "102"]
[EventDate "2024.01.26"]
[EventType "swiss"]
[EventCountry "NET"]
[SourceTitle "playchess.com"]
[Source "ChessBase"]
[SourceQuality "1"]

1. d4 Nf6 2. Nf3 c5 3. c3 Qc7 4. Bg5 Ne4 5. Bh4 cxd4 6. Nxd4 Nc6 7. e3 g6 8. Nd2 Nxd2 9. Qxd2 Bg7 10. Be2 O-O 11. O-O d6 12. Rac1 Bd7 13. Rfd1 Rfe8 14. h3 a6 15. b3 Qa5 16. Nxc6 Bxc6 17. c4 Qa3 18. f3 a5 19. e4 Qb4 20. Be1 Qxd2 21. Bxd2 Bd4+ 22. Kf1 Bc5 23. a4 f5 24. exf5 gxf5 25. Bc3 e5 26. Be1 Kf7 27. Bf2 Ke6 28. Bxc5 dxc5 29. Kf2 f4 30. Bd3 h5 31. Be4 Red8 32. g3 fxg3+ 33. Kxg3 Rd4 34. Re1 Rg8+ 35. Kh4 Rf8 36. Kg5 Bxe4 37. fxe4 Rd3 38. Rh1 Rxb3 39. Rb1 Rb4 40. h4 Rf4 41. Kxh5 Rxe4 42. Kg5 Rexc4 43. Rbg1 Rd4 44. h5 Rd8 45. h6 Rf4 46. h7 Rf5+ 47. Kg6 Rf6+ 48. Kg7 Rf7+ 49. Kg6 Rf6+ 50. Kg7 Rf7+ 51. Kg6 Rf6+ 1/2-1/2